000
00333nam a2200133 a 4500
005
20140414131917.0
008
101019s19uu xx 00 eng d
050
_a
ER
_b
T55 1985
100
_a
Johnson, Jane
245
_a
Today I thought I'd run away.
260
_a
New York :
_b
E.P. Dutton,
_c
2008.
440
_a
999
_c
111533
_d
111533